Geography Quiz

Random Geography or State Quiz

Top US Cities by 'M' States Quiz Stats

 Plays Quiz Updated Jul 16, 2016

Also try: 'M' States
Challenge
Share
Tweet
Embed
Score 0/22 Timer 05:00
9 Plays Today
Rank City % Correct
1Detroit, MI
89.5%
2Boston, MA
86.8%
5Minneapolis, MN
85.7%
6St. Louis, MO
79.9%
7St. Paul, MN
79.7%
3Baltimore, MD
76.7%
10Jackson, MS
75%
4Kansas City, MO
74.4%
18Lansing, MI
67%
11Springfield, MO
52.5%
12Springfield, MA
52.5%
Rank City % Correct
22Billings, MT
51.9%
15Ann Arbor, MI
51.9%
8Grand Rapids, MI
48%
9Worcester, MA
43.1%
21Cambridge, MA
31.9%
19Rochester, MN
30%
17Columbia, MO
25.6%
20Lowell, MA
24.2%
16Independence, MO
18%
13Warren, MI
17%
14Sterling Heights, MI
13%

You're not logged in!

Compare scores with friends on all Sporcle quizzes.
Join for Free
OR
Log In

You Might Also Like...

Show Comments

Extras

Top Quizzes Today


Score Distribution

Your Account Isn't Verified!

In order to create a playlist on Sporcle, you need to verify the email address you used during registration. Go to your Sporcle Settings to finish the process.

Report this User

Report this user for behavior that violates our Community Guidelines.

Details: